000 01061nam a2200253 i 4500
001 156277
003 ES-MaACL
005 20250918063039.0
008 971126s1819 sp |||| | spa d
100 1 _aJáuregui, Juan de,
_d1583-1641
_966187
245 1 0 _aRimas de Don Juan de Jáuregui /
_cpor D. Ramón Fernández.
260 _aMadrid :
_ben la Imprenta Real,
_c1819.
300 _a272 p. ;
_c17 cm.
505 8 _aContiene: Aminta, fábula pastoral de Torcuato Tasso / traducida por Don Juan de Jáuregui (p. 185-267)
530 _aDisponible en formato digital.
594 _aRamón Fernández es seudónimo de Pedro Estala.
597 _aEscudo real xilográfico en portada.
700 1 _aEstala, Pedro,
_d1757-1815
_948003
700 1 _aTasso, Torquato (
_d1544-1595)
_9109373
740 0 2 _aAminta, fábula pastoral de Torcuato Tasso.
852 _aES-MaACL
_jR-3104-12
_xOlim:G-13256-64
_z- Enc. hol.
856 _uhttp://bdh-rd.bne.es/viewer.vm?id=0000096458&page=1
_zBiblioteca Digital Hispánica
999 _c156277
_d156277